Recenzia publikácie Lipková, Ľ a kol.: Medzinárodné hospodárske vzťahy
Recenzia publikácie Ľudmily Lipkovej a kolektívu: Medzinárodné hospodárske vzťahy. Ciele a základná charakteristika publikácie. Obsahové rozdelenie publikácie do jedenástich kapitol. Charakteristika kapitol. "Medzinárodné hospodárske vzťahy" sú vysokoškolskou učebnicou.
Guardado en:
| Autor principal: | |
|---|---|
| Formato: | Capítulo de libro |
| Lenguaje: | eslovaco |
| Materias: | |
| Etiquetas: |
Sin Etiquetas, Sea el primero en etiquetar este registro!
|
MARC
| LEADER | 00000naa a2200000 4500 | ||
|---|---|---|---|
| 001 | 0136250 | ||
| 005 | 20240502072526.6 | ||
| 041 | 0 | |a slo | |
| 044 | |a SK | ||
| 245 | 1 | 0 | |a Recenzia publikácie Lipková, Ľ a kol.: Medzinárodné hospodárske vzťahy |c Mária Tokárová |
| 520 | |a Recenzia publikácie Ľudmily Lipkovej a kolektívu: Medzinárodné hospodárske vzťahy. Ciele a základná charakteristika publikácie. Obsahové rozdelenie publikácie do jedenástich kapitol. Charakteristika kapitol. "Medzinárodné hospodárske vzťahy" sú vysokoškolskou učebnicou. | ||
| 610 | 2 | 0 | |a recenzie |
| 610 | 2 | 0 | |a vzťahy hospodárske medzinárodné |
| 610 | 2 | 0 | |a učebnice |
| 610 | 2 | 0 | |a školy vysoké |
| 100 | 1 | |a Tokárová, Mária | |